[Event "World Blitz"]
[Site "Moscow RUS"]
[Date "2007.11.22"]
[Round "26"]
[White "Ivanchuk, V."]
[Black "Ponomariov, R."]
[Result "1-0"]
[WhiteElo "2787"]
[BlackElo "2705"]
[PlyCount "117"]
[EventDate "2007.11.21"]
[Source "www.chesslib.no"]
[SourceDate "2004.05.04"]

1. Nf3 c5 2. c4 Nc6 3. d4 cxd4 4. Nxd4 e6 5. g3 Bb4+ 6. Nc3 Nf6 7. Bg2 O-O 8. O-O Ne5 9. Qb3 Be7 10. Rd1 a6 11. Bf4 Qc7 12. Na4 d6 13. Nb6 Rb8 14. Rac1 Nfd7 15. Nxd7 Bxd7 16. c5 dxc5 17. Nf3 Nxf3+ 18. Bxf3 e5 19. Bxe5 Qxe5 20. Rxd7 b5 21. Qa3 Rfd8 22. Rcd1 Rxd7 23. Rxd7 Bf8 24. Qxa6 Qxb2 25. Rxf7 Kxf7 26. Qa7+ Be7 27. Qxb8 Qxa2 28. Qxb5 Qe6 29. Qd3 Qh6 30. Qf5+ Ke8 31. Be4 Qf6 32. Qxh7 Qd4 33. e3 Qe5 34. Qg8+ Kd7 35. Qc4 Bf6 36. h4 Ke7 37. Kg2 Qd6 38. Bf3 Be5 39. h5 Bf6 40. Qb5 Qc7 41. Qc4 Qd6 42. Be4 Qe5 43. Bg6 Kd8 44. Qf7 Qd6 45. Be4 Kc8 46. g4 Qe5 47. Bf5+ Kb8 48. Qd7 Bh4 49. Qc6 Ka7 50. Be4 Qe7 51. Bd5 Bg5 52. f4 Bf6 53. Kf3 Bc3 54. g5 Bd2 55. e4 c4 56. Qxc4 Qa3+ 57. Kg4 Qe3 58. Qc7+ Ka6 59. Bc4# 1-0

[Event "Monte Carlo MNC"]
[Site "?"]
[Date "2005.03.21"]
[Round "3"]
[White "Vallejo Pons Francisco"]
[Black "Anand Viswanathan"]
[Result "0-1"]
[WhiteElo "2686"]
[BlackElo "2786"]
[PlyCount "120"]
[EventDate "2005.??.??"]
[Source "www.chesslib.no"]
[SourceDate "2004.05.04"]

1. Nf3 c5 2. c4 Nc6 3. d4 cxd4 4. Nxd4 Nf6 5. Nc3 e6 6. a3 Be7 7. e4 O-O 8. Nf3 b6 9. Be2 Bb7 10. O-O Qc7 11. Bg5 Rad8 12. Rc1 Qb8 13. Re1 h6 14. Bh4 d6 15. Bf1 Rfe8 16. Nd4 Nxd4 17. Qxd4 g5 18. Bg3 Nh5 19. Be2 Bf6 20. Qd3 Nxg3 21. hxg3 Bc6 22. b4 Be5 23. Bh5 Rf8 24. Ne2 Bg7 25. Nd4 Bd7 26. Rf1 a5 27. Kh1 axb4 28. axb4 Qa7 29. f4 e5 30. Nf5 Bxf5 31. exf5 exf4 32. gxf4 Bf6 33. Bf3 Kg7 34. Bc6 g4 35. Rb1 h5 36. Rb3 Rc8 37. b5 Qe7 38. Qe3 Qxe3 39. Rxe3 Bd4 40. Re7 Kf6 41. Ra7 g3 42. Rd1 Bc5 43. Re1 h4 44. Ree7 d5 45. Red7 dxc4 46. Bd5 Kxf5 47. Rxf7+ Rxf7 48. Rxf7+ Kg6 49. f5+ Kg5 50. Rg7+ Kf4 51. Bf3 Re8 52. Rg4+ Kxf5 53. Re4 Rxe4 54. Bxe4+ Kf4 55. Bd5 c3 56. Bb3 Bf2 57. Bc2 Ke3 58. Bb3 Kd2 59. Ba4 Be1 60. Bb3 c2 0-1

[Event "XXII Rapid"]
[Site "Villarrobledo SPA"]
[Date "2007.08.05"]
[Round "6"]
[White "Malakhov, V."]
[Black "Ivanchuk, V."]
[Result "1-0"]
[WhiteElo "2676"]
[BlackElo "2762"]
[PlyCount "129"]
[EventDate "2007.08.04"]
[Source "www.chesslib.no"]
[SourceDate "2004.05.04"]

1. Nf3 c5 2. c4 Nc6 3. d4 cxd4 4. Nxd4 Nf6 5. Nc3 e6 6. e3 Bb4 7. Ndb5 O-O 8. a3 Be7 9. Be2 d5 10. cxd5 exd5 11. O-O Be6 12. b4 a5 13. bxa5 Qxa5 14. Bb2 Rfd8 15. a4 Rac8 16. Na2 Ne4 17. Nc1 Qd2 18. Qxd2 Nxd2 19. Rd1 Nc4 20. Bc3 Bf5 21. Nd3 Be4 22. Nf4 Bc5 23. Kh1 Nb4 24. Bg4 Rb8 25. Bxb4 Bxb4 26. Ra2 Ne5 27. Be2 Rbc8 28. h3 Bf8 29. Nd4 Nc6 30. f3 Nxd4 31. Rxd4 Bc2 32. Rb2 Ba3 33. Rxb7 Bc5 34. Rxd5 Bxe3 35. Rxd8+ Rxd8 36. Nd5 Bc5 37. Nc3 Bd4 38. Nb5 Be5 39. a5 Rd2 40. Nc3 g5 41. a6 Bxc3 42. a7 Rxe2 43. a8=Q+ Kg7 44. Qa2 Re1+ 45. Kh2 Be5+ 46. f4 Bxf4+ 47. g3 Re2+ 48. Kg1 Be3+ 49. Kf1 Rf2+ 50. Ke1 Bg6 51. Qa1+ Rf6 52. Qe5 Bf2+ 53. Ke2 h6 54. Rd7 Bf5 55. Rc7 Be6 56. g4 Bb6 57. Rc6 Bd8 58. Ke3 Be7 59. Rc7 Bf8 60. Rb7 Kg6 61. Rb8 Be7 62. Qe4+ Kg7 63. Qd4 Kh7 64. Rb7 Rf4 65. Qd3+ 1-0

[Event "Dos Hermanas"]
[Site "?"]
[Date "1997.??.??"]
[Round "?"]
[White "Salov, Va"]
[Black "Karpov, An"]
[Result "1/2-1/2"]
[WhiteElo "2665"]
[BlackElo "2760"]
[PlyCount "49"]
[EventDate "1997.??.??"]
[Source "ChessBase"]
[SourceDate "1997.02.01"]

1. c4 c5 2. Nf3 Nc6 3. Nc3 Nf6 4. d4 cxd4 5. Nxd4 e6 6. Ndb5 d5 7. Bf4 e5 8. cxd5 exf4 9. dxc6 bxc6 10. Qxd8+ Kxd8 11. Nd4 Bb7 12. g3 c5 13. Nf3 Bd6 14. Bg2 Rb8 15. O-O-O Ke7 16. Nh4 Bxg2 17. Nxg2 fxg3 18. hxg3 Be5 19. Ne3 Ke6 20. Nc4 Rb4 21. Nxe5 Kxe5 22. Rd2 Rd4 23. e3 Rxd2 24. Kxd2 Rb8 25. b3 1/2-1/2

[Event "Amber-blind 8th"]
[Site "Monte Carlo"]
[Date "1999.03.24"]
[Round "8"]
[White "Gelfand, Boris"]
[Black "Shirov, Alexei"]
[Result "1/2-1/2"]
[WhiteElo "2691"]
[BlackElo "2726"]
[PlyCount "37"]
[EventDate "1999.03.16"]
[Source "ChessBase"]
[SourceDate "1999.05.10"]

1. Nf3 c5 2. c4 Nf6 3. d4 cxd4 4. Nxd4 e6 5. Nc3 Nc6 6. Bg5 Bb4 7. Rc1 h6 8. Bh4 g5 9. Bg3 Ne4 10. Ndb5 Nxg3 11. hxg3 a6 12. Nd6+ Ke7 13. Nxc8+ Rxc8 14. e3 d5 15. cxd5 Qxd5 16. Qxd5 exd5 17. a3 Bxc3+ 18. Rxc3 d4 19. exd4 1/2-1/2

[Event "Supertorneo Aerosvit"]
[Site "Yalta UCR"]
[Date "2007.06.23"]
[Round "6"]
[White "Van Wely, L."]
[Black "Ivanchuk, V."]
[Result "1/2-1/2"]
[WhiteElo "2674"]
[BlackElo "2729"]
[PlyCount "33"]
[EventDate "2007.06.18"]
[Source "www.chesslib.no"]
[SourceDate "2004.05.04"]

1. c4 c5 2. Nf3 Nc6 3. d4 cxd4 4. Nxd4 Nf6 5. Nc3 e6 6. a3 d5 7. cxd5 exd5 8. Bg5 Bc5 9. e3 O-O 10. Be2 Bxd4 11. exd4 h6 12. Bh4 Qd6 13. Bg3 Qe7 14. O-O Ne4 15. Rc1 Nxc3 16. Rxc3 Qf6 17. Rd3 1/2-1/2

[Event "Elista (m/2) 72/39"]
[Site "?"]
[Date "1998.??.??"]
[Round "?"]
[White "Ivanchuk, Vassily"]
[Black "Zvjaginsev, Vadim"]
[Result "1/2-1/2"]
[WhiteElo "2740"]
[BlackElo "2655"]
[PlyCount "85"]
[EventDate "1998.??.??"]
[Source "ChessBase"]
[SourceDate "1998.02.01"]

1. c4 c5 2. Nf3 Nc6 3. d4 cxd4 4. Nxd4 Nf6 5. Nc3 e6 6. g3 Bb4 7. Bg2 O-O 8. O-O Qe7 9. Na4 d5 10. cxd5 exd5 11. Bg5 h6 12. Bxf6 Qxf6 13. Nc2 Rd8 14. Nxb4 Nxb4 15. Qd2 Nc6 16. Rac1 Bf5 17. Rfd1 Be4 18. Bh3 d4 19. Nc5 Bd5 20. Nxb7 Re8 21. Rc5 Be4 22. f3 Rab8 23. fxe4 Rxb7 24. Qf4 Qxf4 25. gxf4 Ne7 26. Rd2 Ng6 27. f5 Ne5 28. b3 d3 29. Bf1 dxe2 30. Rxe2 Rd7 31. Rd5 Rc7 32. Kg2 g6 33. Red2 Ng4 34. Rd7 Ne3+ 35. Kf2 Nxf1 36. Kxf1 Rc1+ 37. Kf2 gxf5 38. exf5 a5 39. R7d5 a4 40. bxa4 Re4 41. a5 Ra4 42. Ke2 Ra3 43. Kf2 1/2-1/2

[Event "Intel Chess Grand Pr"]
[Site "Intel Chess Grand Pr"]
[Date "1995.??.??"]
[Round "?"]
[White "Kramnik, Vladimir"]
[Black "Lautier, Joel"]
[Result "1/2-1/2"]
[WhiteElo "2715"]
[BlackElo "2655"]
[PlyCount "68"]
[EventDate "1995.??.??"]
[Source "www.chesslib.no"]
[SourceDate "2004.05.04"]

1. Nf3 c5 2. c4 Nc6 3. d4 cxd4 4. Nxd4 e6 5. Nc3 Nf6 6. a3 Bc5 7. e3 O-O 8. Be2 d5 9. cxd5 exd5 10. O-O Bd6 11. b4 Ne5 12. Bb2 a6 13. Qb3 Bc7 14. Rfd1 Qd6 15. g3 Be6 16. Rac1 Qe7 17. b5 Bd6 18. Bf1 Bg4 19. Be2 Be6 20. Bf1 Rfd8 21. Bg2 Nc4 22. Nxd5 Bxd5 23. Nf5 Qd7 24. Bxf6 Bxg2 25. Qb4 Bf8 26. Re1 axb5 27. Re2 g6 28. Qxb5 Ra4 29. Rec2 Ra6 30. Qe5 Bd6 31. Qc3 Bxg3 32. f4 Rxa3 33. e4 Ra6 34. Qe3 Ra3 1/2-1/2

[Event "Amber-blind 5th"]
[Site "Monte Carlo"]
[Date "1996.??.??"]
[Round "1"]
[White "Ivanchuk, Vassily"]
[Black "Lautier, Joel"]
[Result "1/2-1/2"]
[WhiteElo "2735"]
[BlackElo "2630"]
[PlyCount "87"]
[EventDate "1996.04.??"]
[Source "ChessBase"]

1. c4 c5 2. Nf3 Nf6 3. Nc3 Nc6 4. d4 cxd4 5. Nxd4 e6 6. Bf4 Bb4 7. Ndb5 O-O 8. Bc7 Qe7 9. Bd6 Bxd6 10. Qxd6 Qd8 11. e3 Qa5 12. Qd2 d5 13. cxd5 exd5 14. Be2 a6 15. Nd4 Nxd4 16. Qxd4 Be6 17. O-O Rac8 18. Rfd1 Rfd8 19. h3 h6 20. a3 Qc7 21. Bf3 Qb8 22. Be2 Re8 23. Rac1 Rc6 24. Na4 Rec8 25. Rxc6 Rxc6 26. Nc5 Qc7 27. b4 a5 28. Bb5 Rb6 29. a4 axb4 30. Qxb4 Bc8 31. Qd4 Be6 32. Rd3 Qe7 33. Rc3 Rd6 34. a5 Bf5 35. Bf1 Rc6 36. Na4 Qc7 37. Rxc6 Qxc6 38. Nc3 Be6 39. Bd3 Qc7 40. Qb4 Nd7 41. f4 d4 42. Qxd4 Qxa5 43. Kh2 Qc5 44. Qxc5 1/2-1/2

[Event "Moscow RUS"]
[Site "?"]
[Date "2005.02.20"]
[Round "6"]
[White "Bacrot Etienne"]
[Black "Eljanov Pavel"]
[Result "1/2-1/2"]
[WhiteElo "2715"]
[BlackElo "2643"]
[PlyCount "21"]
[EventDate "2005.??.??"]
[Source "www.chesslib.no"]
[SourceDate "2004.05.04"]

1. c4 c5 2. Nf3 Nc6 3. d4 cxd4 4. Nxd4 e6 5. Nc3 Nf6 6. a3 Bc5 7. Nb3 Be7 8. e4 O-O 9. Be2 b6 10. Be3 Bb7 11. O-O 1/2-1/2

[Event "Campionato europeo 2007"]
[Site "Dresda GER"]
[Date "2007.04.11"]
[Round "8.3"]
[White "Jakovenko, Dmitry"]
[Black "Moiseenko, Alexander"]
[Result "1-0"]
[WhiteElo "2708"]
[BlackElo "2630"]
[PlyCount "77"]
[EventDate "2007.04.03"]
[Source "www.chesslib.no"]
[SourceDate "2004.05.04"]

1. c4 c5 2. Nf3 Nc6 3. d4 cxd4 4. Nxd4 Nf6 5. Nc3 e6 6. a3 Nxd4 7. Qxd4 b6 8. Qf4 Be7 9. e4 d6 10. Qg3 O-O 11. Bh6 Ne8 12. Bd2 Nf6 13. Rd1 Qc7 14. Bh6 Ne8 15. Bd3 Ba6 16. Rc1 Rc8 17. Bd2 Nf6 18. O-O Nd7 19. b3 Rfe8 20. Kh1 Bb7 21. f4 a6 22. Qh3 Bf8 23. b4 g6 24. Ne2 Bg7 25. Bc3 Bxc3 26. Nxc3 Qd8 27. Be2 Qc7 28. f5 exf5 29. exf5 Re5 30. Bg4 Rd8 31. Nd5 Bxd5 32. cxd5 Qb7 33. fxg6 hxg6 34. Rxf7 Kxf7 35. Qh7+ Ke8 36. Qxg6+ Ke7 37. Qg7+ Ke8 38. Rf1 Qxd5 39. Bxd7+ 1-0

[Event "Donetsk (m/2)"]
[Site "?"]
[Date "2001.??.??"]
[Round "?"]
[White "Korchnoi, V."]
[Black "Ponomariov, R."]
[Result "1-0"]
[WhiteElo "2635"]
[BlackElo "2675"]
[PlyCount "233"]
[EventDate "2001.??.??"]
[Source "Chess Informant"]
[SourceDate "2000.10.01"]

1. c4 c5 2. Nf3 Nf6 3. Nc3 Nc6 4. d4 cxd4 5. Nxd4 e6 6. a3 Be7 7. e4 O-O 8. Nf3 d6 9. Be2 b6 10. O-O Bb7 11. Bf4 Rc8 12. Re1 a6 13. Bf1 Qc7 14. b4 Rfd8 15. Rc1 Ne5 16. Nd2 Qb8 17. h3 Bc6 18. Qe2 Ng6 19. Bg3 Qb7 20. Nb3 h6 21. Rb1 Bf8 22. f3 Re8 23. Bf2 Qb8 24. Qe3 Nd7 25. Red1 Bb7 26. Na4 Nge5 27. Nxb6 Nxb6 28. Qxb6 Nxc4 29. Bxc4 Rxc4 30. Na5 Rc7 31. b5 Ba8 32. Qxb8 Rxb8 33. b6 Rd7 34. b7 Bxb7 35. Rb3 Kh7 36. e5 Bxf3 37. Rxf3 d5 38. Nc6 Rc8 39. Nd4 Rb7 40. Kf1 Kg8 41. Nb3 Rc2 42. Bd4 Rbc7 43. a4 Bb4 44. Bb6 R7c4 45. Rf2 R2c3 46. Rb1 Be7 47. a5 f6 48. exf6 Bxf6 49. Rf3 Rc2 50. Rd1 Rb2 51. Nc5 e5 52. Nxa6 e4 53. Rf2 Rxf2+ 54. Bxf2 d4 55. Be1 d3 56. Nb4 Rc5 57. g4 Rxa5 58. Nxd3 Ra3 59. Nf2 Bh4 60. Nxe4 Bxe1 61. Rxe1 Rxh3 62. Kg2 Rd3 63. Rh1 Kh7 64. Ng5+ Kg6 65. Nf3 Ra3 66. Rd1 Ra7 67. Rd6+ Kh7 68. Kg3 Rb7 69. Nd4 Ra7 70. Kf4 Ra4 71. Rd7 Kg6 72. Kg3 Kf6 73. Nf3 Ra6 74. Rb7 g5 75. Rb5 Kg6 76. Kf2 Rf6 77. Ke3 Rf4 78. Rb6+ Kh7 79. Ne5 Kg7 80. Rd6 Ra4 81. Rg6+ Kh7 82. Rc6 Kg7 83. Nc4 Ra7 84. Nd6 Ra3+ 85. Kd2 Ra2+ 86. Ke3 Ra3+ 87. Ke4 Ra4+ 88. Ke5 Ra5+ 89. Ke6 Kh7 90. Kf6 Ra7 91. Nf5 Rb7 92. Ra6 Rc7 93. Ke5 Rc5+ 94. Kd4 Rb5 95. Rxh6+ Kg8 96. Rc6 Ra5 97. Ke4 Kf7 98. Nd4 Kg7 99. Rd6 Ra4 100. Ke5 Kf7 101. Rd5 Kg6 102. Rb5 Rc4 103. Rb6+ Kf7 104. Rd6 Ra4 105. Nf5 Ra5+ 106. Rd5 Ra7 107. Nd6+ Kg6 108. Ne4 Ra4 109. Rc5 Ra6 110. Kd4 Ra4+ 111. Ke3 Ra3+ 112. Kd2 Ra2+ 113. Kc3 Ra3+ 114. Kb4 Rf3 115. Rxg5+ Kh6 116. Rf5 Re3 117. Rf4 1-0

[Event "Groningen"]
[Site "?"]
[Date "1996.??.??"]
[Round "?"]
[White "Sokolov, I."]
[Black "Leko, P."]
[Result "1/2-1/2"]
[WhiteElo "2670"]
[BlackElo "2630"]
[PlyCount "91"]
[EventDate "1996.??.??"]
[Source "ChessBase"]
[SourceDate "1996.10.01"]

1. Nf3 Nf6 2. c4 c5 3. Nc3 Nc6 4. d4 cxd4 5. Nxd4 e6 6. a3 Nxd4 7. Qxd4 b6 8. e4 Bc5 9. Qd1 Bb7 10. Bd3 O-O 11. e5 Ne8 12. O-O f5 13. exf6 Nxf6 14. b4 Be7 15. Qe2 Qc7 16. Nb5 Qc6 17. f3 a6 18. Nd4 Qc7 19. Be3 Rae8 20. Nb3 e5 21. c5 bxc5 22. Nxc5 Bxc5 23. Bxc5 d6 24. Be3 Qc8 25. Rac1 Qa8 26. Bb1 Rf7 27. Bg5 d5 28. Qd3 Kh8 29. Rc5 d4 30. Bxf6 gxf6 31. Qf5 Qd8 32. Bd3 Rg7 33. Rfc1 Qd6 34. R1c2 Reg8 35. Re2 Bc6 36. Qh5 Bb5 37. Qf5 Bxd3 38. Qxd3 f5 39. Rc4 Qf6 40. Rcc2 Re7 41. a4 Rd8 42. b5 axb5 43. axb5 e4 44. fxe4 fxe4 45. Rxe4 Rxe4 46. Qxe4 1/2-1/2

[Event "Deutschland 84/14"]
[Site "?"]
[Date "2002.??.??"]
[Round "?"]
[White "Rustemov, A."]
[Black "Khalifman, A."]
[Result "1/2-1/2"]
[WhiteElo "2607"]
[BlackElo "2688"]
[PlyCount "102"]
[EventDate "2002.??.??"]
[Source "Chess Informant"]
[SourceDate "2002.02.01"]

1. Nf3 c5 2. c4 Nc6 3. d4 cxd4 4. Nxd4 Nf6 5. Nc3 e6 6. Ndb5 Bc5 7. Nd6+ Ke7 8. Nde4 Nxe4 9. Nxe4 Bb4+ 10. Nd2 d5 11. e3 h6 12. a3 Bd6 13. Be2 Re8 14. O-O Kf8 15. b4 Be5 16. Ra2 Bf6 17. Bb2 Kg8 18. Nf3 dxc4 19. Bxc4 b6 20. Qa4 Bxb2 21. Rxb2 Bb7 22. Bb5 Rc8 23. Rd2 Qc7 24. Rc2 Qd6 25. Rfc1 Red8 26. Bf1 a5 27. bxa5 Nxa5 28. Rxc8 Rxc8 29. Rxc8+ Bxc8 30. Qe8+ Qf8 31. Qb5 Qc5 32. Qxc5 bxc5 33. Ne5 Kf8 34. Nc4 Nxc4 35. Bxc4 Ke7 36. Kf1 Bd7 37. Ke2 Kd6 38. Kd3 Kc7 39. f4 f6 40. g3 Kb6 41. Kc3 Bc8 42. h4 Bd7 43. Bb3 Kc7 44. Kc4 Kb6 45. a4 Bc8 46. a5+ Kc6 47. Ba4+ Kd6 48. Bb5 Bb7 49. Kb3 Be4 50. Be8 Bd3 51. Kc3 Ba6 1/2-1/2

[Event "6. EICC"]
[Site "?"]
[Date "2005.06.29"]
[Round "11"]
[White "Krasenkow Michal"]
[Black "Jakovenko Dmitrij"]
[Result "0-1"]
[WhiteElo "2672"]
[BlackElo "2608"]
[PlyCount "94"]
[EventDate "2005.??.??"]
[Source "www.chesslib.no"]
[SourceDate "2004.05.04"]

1. Nf3 c5 2. c4 Nc6 3. d4 cxd4 4. Nxd4 Nf6 5. Nc3 e6 6. a3 Be7 7. e4 O-O 8. Nf3 Qc7 9. g3 Rd8 10. Bf4 d6 11. Be2 Ne5 12. Rc1 Ng6 13. Be3 b6 14. O-O Bb7 15. Nd2 Rac8 16. Bd4 Qb8 17. f4 Nd7 18. b4 Bf6 19. Bxf6 Nxf6 20. Bd3 a6 21. Qe2 Rc7 22. Nb3 Nf8 23. Rfd1 h6 24. h3 Rcc8 25. Qe3 Bc6 26. Be2 Ba8 27. Rd4 Qc7 28. a4 Qe7 29. Rdd1 Qb7 30. Rd4 Qe7 31. Rd2 d5 32. c5 bxc5 33. bxc5 Qb7 34. Rb1 Nxe4 35. Nd4 Qa7 36. Nxe4 dxe4 37. Rb6 Rxc5 38. Rxa6 Rc1+ 39. Kf2 Qc5 40. Nc2 Rxd2 41. Qxc5 Bd5 42. Rd6 Rcxc2 43. Qb5 Rc3 44. Qb1 e3+ 45. Kf1 Rdc2 46. Rxd5 exd5 47. Qb5 d4 0-1

[Event "Bugojno"]
[Site "Bugojno"]
[Date "1982.??.??"]
[Round "?"]
[White "Ljubojevic, Ljubomir"]
[Black "Andersson, Ulf"]
[Result "1/2-1/2"]
[WhiteElo "2645"]
[BlackElo "2635"]
[PlyCount "49"]
[EventDate "1982.05.??"]
[Source "ChessBase"]

1. c4 c5 2. Nf3 Nf6 3. Nc3 Nc6 4. d4 cxd4 5. Nxd4 e6 6. Ndb5 Bb4 7. Bf4 O-O 8. Bc7 Qe7 9. Bd6 Bxd6 10. Qxd6 Qd8 11. Rd1 b6 12. e3 a6 13. Na3 Bb7 14. Be2 Ra7 15. O-O Ba8 16. Rd2 Qe7 17. Rfd1 Rb8 18. f4 Qxd6 19. Rxd6 Kf8 20. g4 Ke7 21. g5 Ne8 22. R6d2 h6 23. h4 hxg5 24. hxg5 Rc7 25. Kf2 1/2-1/2

[Event "Warsaw (Poland)"]
[Site "?"]
[Date "2003.??.??"]
[Round "2"]
[White "Krasenkow Michal"]
[Black "Miton Kamil"]
[Result "1-0"]
[WhiteElo "2676"]
[BlackElo "2600"]
[PlyCount "139"]
[EventDate "2003.??.??"]
[Source "www.chesslib.no"]
[SourceDate "2004.05.04"]

1. Nf3 c5 2. c4 Nc6 3. d4 cxd4 4. Nxd4 Nf6 5. Nc3 e6 6. a3 Be7 7. e4 O-O 8. Nf3 b6 9. Bf4 Bb7 10. Be2 Rc8 11. O-O Na5 12. Nd2 d5 13. cxd5 exd5 14. e5 Ne4 15. Ncxe4 dxe4 16. b4 Nc6 17. Bg4 Ra8 18. Bf5 Bg5 19. Qh5 g6 20. Bxg5 gxh5 21. Bxd8 Raxd8 22. Nxe4 Nxe5 23. Nf6+ Kh8 24. Nxh5 Rg8 25. Ng3 h5 26. Rfe1 f6 27. Be4 Rd7 28. Bxb7 Rxb7 29. Re4 Rh7 30. h4 Rg4 31. Rd1 Rc7 32. Rxg4 hxg4 33. Nh5 f5 34. Rd5 g3 35. fxg3 Rc1+ 36. Kf2 Ng4+ 37. Ke2 Rc2+ 38. Kd3 Ra2 39. Rxf5 Rxa3+ 40. Kd2 Ra2+ 41. Kc3 a5 42. Rg5 axb4+ 43. Kb3 Ra5 44. Rxg4 Rxh5 45. Rxb4 Re5 46. g4 Re2 47. Rxb6 Rxg2 48. Rb4 Kg7 49. Kc3 Rh2 50. h5 Rg2 51. Kd3 Kh6 52. Rb6+ Kh7 53. Rg6 Rf2 54. Ke3 Rf1 55. Ke4 Rf2 56. Ke5 Rf1 57. Rf6 Ra1 58. Kf4 Ra5 59. g5 Kg7 60. Kg4 Kh7 61. h6 Ra4+ 62. Kh5 Ra5 63. Rf7+ Kg8 64. Re7 Ra8 65. g6 Kh8 66. Rf7 Ra5+ 67. Kg4 Ra4+ 68. Kg5 Ra5+ 69. Rf5 Ra8 70. g7+ 1-0

[Event "Camp. russo a squadre 2007"]
[Site "Sochi RUS"]
[Date "2007.05.10"]
[Round "9"]
[White "Miton, K."]
[Black "Bocharov, D."]
[Result "1-0"]
[WhiteElo "2653"]
[BlackElo "2614"]
[PlyCount "105"]
[EventDate "2007.05.02"]
[Source "www.chesslib.no"]
[SourceDate "2004.05.04"]

1. Nf3 c5 2. c4 Nc6 3. d4 cxd4 4. Nxd4 e6 5. Nc3 Nf6 6. Ndb5 d6 7. Bf4 e5 8. Bg5 a6 9. Na3 Be7 10. e3 O-O 11. Be2 Be6 12. O-O Nd7 13. Bxe7 Qxe7 14. Qd2 Nb6 15. Rfd1 Rad8 16. Nd5 Bxd5 17. cxd5 Nb8 18. Nb1 N8d7 19. Qb4 Ra8 20. Nd2 a5 21. Qb5 Qd8 22. Ne4 Qe7 23. Rac1 f5 24. Nd2 Qd8 25. Nb3 a4 26. Na5 Ra7 27. b4 axb3 28. axb3 e4 29. b4 Qf6 30. Rc7 Qb2 31. Bf1 f4 32. exf4 Rxf4 33. Qe2 Qxe2 34. Bxe2 e3 35. fxe3 Rxb4 36. Nc6 bxc6 37. Rxa7 c5 38. Rb7 Nf6 39. Bf3 Nc4 40. Rxb4 cxb4 41. Rd4 Nxe3 42. Rxb4 Nexd5 43. Bxd5+ Nxd5 44. Rd4 Nf6 45. Rxd6 Kf7 46. Ra6 h6 47. Kf2 Ne4+ 48. Ke3 Nf6 49. Kf4 Nh7 50. Kf5 Nf8 51. Ra7+ Kg8 52. g4 Nh7 53. h4 1-0

[Event "Hoogovens, Wijk aan Zee NED"]
[Site "Wijk"]
[Date "1997.??.??"]
[Round "?"]
[White "Korchnoi, V."]
[Black "Lautier, J."]
[Result "1/2-1/2"]
[WhiteElo "2635"]
[BlackElo "2630"]
[PlyCount "72"]
[EventDate "1997.??.??"]
[Source "www.chesslib.no"]
[SourceDate "2004.05.04"]

1. c4 c5 2. Nf3 Nf6 3. Nc3 Nc6 4. d4 cxd4 5. Nxd4 e6 6. Bf4 d5 7. cxd5 Nxd5 8. Nxc6 bxc6 9. Bd2 Ba6 10. Qa4 Qb6 11. Nxd5 exd5 12. Rc1 Rc8 13. g3 Be7 14. Bh3 Bb5 15. Qg4 O-O 16. Bc3 g6 17. O-O c5 18. Qf4 Rce8 19. a4 Bxe2 20. Qe5 d4 21. Qxe2 Bf6 22. Qc4 dxc3 23. bxc3 Re7 24. Rb1 Qa5 25. Rfc1 Rfe8 26. Rb5 Qd8 27. Rxc5 Qd2 28. Rf1 Kg7 29. a5 Re5 30. Rc6 R8e7 31. Qa6 Bg5 32. f4 Re2 33. fxg5 Qe3+ 34. Kh1 Qe4+ 35. Kg1 Qe3+ 36. Kh1 Qe4+ 1/2-1/2

[Event "Campionato europeo 2007"]
[Site "Dresda GER"]
[Date "2007.04.09"]
[Round "7"]
[White "Dizdar, Goran"]
[Black "Bocharov, Dmitry"]
[Result "0-1"]
[WhiteElo "2639"]
[BlackElo "2614"]
[PlyCount "88"]
[EventDate "2007.04.03"]
[Source "www.chesslib.no"]
[SourceDate "2004.05.04"]

1. Nf3 c5 2. c4 Nc6 3. d4 cxd4 4. Nxd4 e6 5. Nc3 Nf6 6. Ndb5 d6 7. Bf4 e5 8. Bg5 a6 9. Bxf6 gxf6 10. Na3 f5 11. e3 Be6 12. Qd2 Rc8 13. Be2 h5 14. O-O-O e4 15. Kb1 Ne5 16. f4 Ng4 17. Rc1 Bg7 18. h3 Nf6 19. Rhd1 h4 20. Nc2 Rh6 21. Qxd6 Qxd6 22. Rxd6 Rg6 23. Bf1 Nd7 24. Nd4 Bf8 25. Rd5 Bxd5 26. Nxd5 Nf6 27. Nxf5 Nxd5 28. cxd5 Rxc1+ 29. Kxc1 Be7 30. Kc2 Kd7 31. a4 Rg8 32. Kd1 Bf6 33. b3 Rc8 34. Bc4 Rc5 35. Nh6 b5 36. axb5 axb5 37. Be2 Rxd5+ 38. Ke1 Bc3+ 39. Kf2 f5 40. g4 hxg3+ 41. Kxg3 Ke6 42. Kh4 Bg7 43. Kg5 Bxh6+ 44. Kxh6 Kf6 0-1

[Event "XXI Carlos Torre KO"]
[Site "Merida MES"]
[Date "2008.12.17"]
[Round "1.2"]
[White "Nogueiras Santiago, J."]
[Black "Moiseenko, A1."]
[Result "0-1"]
[WhiteElo "2574"]
[BlackElo "2678"]
[PlyCount "48"]
[EventDate "2008.12.17"]
[Source "www.chesslib.no"]
[SourceDate "2004.05.04"]

1. Nf3 c5 2. c4 Nc6 3. d4 cxd4 4. Nxd4 Nf6 5. Nc3 e6 6. a3 Qc7 7. e3 Be7 8. Be2 O-O 9. O-O b6 10. b3 Bb7 11. Bb2 Rad8 12. Rc1 Qb8 13. Bf3 Nxd4 14. Qxd4 Bxf3 15. gxf3 Qb7 16. e4 Nh5 17. Ne2 d6 18. Qe3 e5 19. Kh1 f5 20. exf5 Bg5 21. Qxg5 Qxf3+ 22. Kg1 Qxe2 23. Ba1 Nf4 24. Rc3 h6 0-1

[Event "Amsterdam"]
[Site "?"]
[Date "1996.??.??"]
[Round "?"]
[White "Salov, Va"]
[Black "de Firmian, N."]
[Result "0-1"]
[WhiteElo "2675"]
[BlackElo "2575"]
[PlyCount "100"]
[EventDate "1996.??.??"]
[Source "ChessBase"]
[SourceDate "1996.06.01"]

1. d4 Nf6 2. c4 c5 3. Nf3 cxd4 4. Nxd4 Nc6 5. Nc3 e6 6. Ndb5 d5 7. Bf4 e5 8. cxd5 exf4 9. dxc6 bxc6 10. Qxd8+ Kxd8 11. Nd4 Bb7 12. g3 c5 13. Nf3 Bd6 14. Bg2 Rb8 15. O-O-O Ke7 16. e3 fxe3 17. Rhe1 Rhd8 18. Rxe3+ Kf8 19. h3 g6 20. Ne1 Ba6 21. Nc2 Be7 22. Rde1 Rd7 23. Bf1 Bxf1 24. Rxf1 c4 25. Rd1 Rdb7 26. Na4 Nd7 27. Rd4 Nb6 28. Nxb6 Rxb6 29. Rxc4 Rxb2 30. Rc7 Bg5 31. f4 Bd8 32. Rd7 Rxa2 33. Rc3 Bb6 34. Rc4 Ra5 35. Kd2 Re8 36. Kc3 Rb5 37. Ra4 Re2 38. Nd4 Re3+ 39. Kd2 Bxd4 40. Rdxd4 Rxg3 41. Rxa7 Rxh3 42. Rdd7 Rf5 43. Rd4 Rf3 44. Raa4 Rh5 45. Rd3 Rh2+ 46. Kc3 Rhh3 47. Rxf3 Rxf3+ 48. Kd2 Kg7 49. Ke2 Rb3 50. Ra6 h6 0-1

[Event "Buenos Aires sim"]
[Site "Buenos Aires"]
[Date "1992.??.??"]
[Round "2"]
[White "Kasparov, Gary"]
[Black "Ricardi, Pablo"]
[Result "1-0"]
[WhiteElo "2780"]
[BlackElo "2465"]
[PlyCount "79"]
[EventDate "1992.??.??"]
[Source "www.chesslib.no"]
[SourceDate "2004.05.04"]

1. Nf3 c5 2. c4 Nc6 3. d4 cxd4 4. Nxd4 Nf6 5. Nc3 e6 6. g3 Bb4 7. Bg2 O-O 8. O-O a6 9. Bf4 Re8 10. Nxc6 bxc6 11. Bd6 Bxd6 12. Qxd6 Qe7 13. Qxe7 Rxe7 14. e4 Rb8 15. b3 e5 16. Rfd1 Kf8 17. c5 Ne8 18. f4 Nc7 19. f5 a5 20. Kf2 Nb5 21. Nxb5 Rxb5 22. Rac1 Rb4 23. Rc4 Rxc4 24. bxc4 Ba6 25. Bf1 g6 26. Rd6 gxf5 27. exf5 Re8 28. f6 Rd8 29. Bd3 Ke8 30. h4 e4 31. Bxe4 Bxc4 32. Bxh7 Bxa2 33. h5 Rb8 34. h6 Rb2+ 35. Kg1 Bb1 36. Bd3 Bxd3 37. Rxd3 Rb1+ 38. Kg2 Rb2+ 39. Kh3 Rb1 40. Rb3 1-0

[Event "Petrosian Mem"]
[Site "Stepanakert"]
[Date "2004.03.13"]
[Round "5"]
[White "Pelletier, Yannick"]
[Black "Macieja, Bartlomiej"]
[Result "0-1"]
[WhiteElo "2587"]
[BlackElo "2653"]
[PlyCount "90"]
[EventDate "2004.03.09"]
[Source "Roberto Alvarez"]
[SourceDate "2004.03.22"]

1. Nf3 Nf6 2. c4 c5 3. Nc3 Nc6 4. d4 cxd4 5. Nxd4 e6 6. Ndb5 d5 7. Bf4 e5 8. cxd5 exf4 9. dxc6 bxc6 10. Qxd8+ Kxd8 11. O-O-O+ Bd7 12. Nd6 Kc7 13. Nxf7 Rg8 14. Ne5 Bf5 15. Nd3 Ng4 16. h3 Bxd3 17. hxg4 Bg6 18. g3 fxg3 19. f4 Bd6 20. f5 Bf7 21. Rxh7 Be5 22. Bg2 Rab8 23. Kc2 Bxa2 24. Ra1 Bb3+ 25. Kc1 Rh8 26. Rxh8 Rxh8 27. Kd2 Rh2 28. Rg1 a5 29. Kd3 a4 30. Bf3 Rh8 31. Ra1 Rd8+ 32. Ke3 Re8 33. Kd3 Rd8+ 34. Ke3 Bxc3 35. bxc3 Rd1 36. Ra3 Rf1 37. Bg2 Rf2 38. Bf3 Rf1 39. Bg2 Rc1 40. Be4 Rxc3+ 41. Bd3 Rc1 42. Kf3 c5 43. Kxg3 c4 44. Be4 c3 45. Kf4 Kd6 0-1